000 00319nam a2200133Ia 4500
005 20260328104244.0
008 260328s9999||||xx |||||||||||||| ||und||
100 _aEscala
245 0 _aFormación del Arquitecto Posmodernidad /
_cEscala
260 _bEscala
300 _a42 p.
650 _aEDAD MODERNA
942 _cBK
999 _c10013
_d10013